000 00671cam a2200205 4500500
005 20260405004027.0
041 _afre
042 _adc
100 1 0 _aLevine, Emmanuel
_eauthor
245 0 0 _aStephanie Posthumus : Michel Serres et le "contrat naturel"
260 _c2018.
500 _a4
690 _aAnthropocène
690 _aContrat naturel
690 _aMichel Serres
690 _aNature
690 _aVivant
786 0 _nPhilosophie magazine - Hors séries | Hors-série Autome-Hiver 2018 | HS39 | 2018-10-01 | p. 8-8 | 2104-9246
856 4 1 _uhttps://shs.cairn.info/magazine-philosophie-magazine-2018-hs39-page-8?lang=fr&redirect-ssocas=7080
999 _c2073019
_d2073019